LEADER 00792nam0-22002771i-450- 001 990006325440403321 005 20050321090048.0 035 $a000632544 035 $aFED01000632544 035 $a(Aleph)000632544FED01 035 $a000632544 100 $a20000112d1996----km-u0itay50------ba 101 0 $aita 102 $aIT 105 $ay---n---001yy 200 1 $aIn principio erano i laici$ealla ricerca della laicità perduta$fPier Giorgio Liverani 210 $aRoma$ceditrice AVE$d1996 676 $a262.15$v20$zita 700 1$aLiverani,$bPier Giorgio$f<1929- >$0407465 801 0$aIT$bUNINA$gRICA$2UNIMARC 901 $aBK 912 $a990006325440403321 952 $aIII F 229$b32171*$fFGBC 959 $aFGBC 996 $aIn principio erano i laici$9656337 997 $aUNINA